<?xml version="1.0" encoding="UTF-8"?><?xml-stylesheet type="text/xsl" href="static/style.xsl"?><OAI-PMH xmlns="http://www.openarchives.org/OAI/2.0/" xmlns:xsi="http://www.w3.org/2001/XMLSchema-instance" xsi:schemaLocation="http://www.openarchives.org/OAI/2.0/ http://www.openarchives.org/OAI/2.0/OAI-PMH.xsd"><responseDate>2026-06-01T14:09:29Z</responseDate><request verb="GetRecord" identifier="oai:riuma.uma.es:10630/7033" metadataPrefix="marc">https://riuma.uma.es/rest/oai/request</request><GetRecord><record><header><identifier>oai:riuma.uma.es:10630/7033</identifier><datestamp>2026-02-03T11:58:55Z</datestamp><setSpec>com_10630_2254</setSpec><setSpec>col_10630_37959</setSpec></header><metadata><record xmlns="http://www.loc.gov/MARC21/slim" xmlns:dcterms="http://purl.org/dc/terms/" xmlns:doc="http://www.lyncode.com/xoai" xmlns:xsi="http://www.w3.org/2001/XMLSchema-instance" xsi:schemaLocation="http://www.loc.gov/MARC21/slim http://www.loc.gov/standards/marcxml/schema/MARC21slim.xsd">
   <leader>00925njm 22002777a 4500</leader>
   <datafield ind2=" " ind1=" " tag="042">
      <subfield code="a">dc</subfield>
   </datafield>
   <datafield ind2=" " ind1=" " tag="720">
      <subfield code="a">Coriat Benarroch, Moisés</subfield>
      <subfield code="e">author</subfield>
   </datafield>
   <datafield ind2=" " ind1=" " tag="260">
      <subfield code="c">2014-02-10</subfield>
   </datafield>
   <datafield ind2=" " ind1=" " tag="520">
      <subfield code="a">La conferencia se caracteriza por un formato tipo taller, en el que se prioriza la participación activa de los asistentes. Los contenidos tratados en una sesión de 3 horas en el horario y en la fecha que figuran en el cartel de difusión pública del evento, que se adjunta al presente documento, son los siguientes:&#xd;
- Idea de la aritmética rápida&#xd;
 	- Actividades de suma, resta, multiplicación y división rápidas&#xd;
- Estimación y resultado exacto&#xd;
- Aritmética rápida y pre-álgebra&#xd;
- Aritmética rápida y…&#xd;
 	Suma&#xd;
 	Resta&#xd;
 	Multiplicación (un poco)&#xd;
 	División</subfield>
   </datafield>
   <datafield ind1="8" ind2=" " tag="024">
      <subfield code="a">http://hdl.handle.net/10630/7033</subfield>
   </datafield>
   <datafield tag="653" ind2=" " ind1=" ">
      <subfield code="a">Aritmética - Estudio y enseñanza</subfield>
   </datafield>
   <datafield ind2="0" ind1="0" tag="245">
      <subfield code="a">Avances en experiencias de cálculo mental</subfield>
   </datafield>
</record>
</metadata></record></GetRecord></OAI-PMH>